BSOP header

On the preparation and delivery of sermons / (Record no. 27725)

MARC details
000 -LEADER
fixed length control field 00762nam a2200193 4500
008 - FIXED-LENGTH DATA ELEMENTS--GENERAL INFORMATION
fixed length control field 061002r19791898cau b 001 0 eng
020 ## - INTERNATIONAL STANDARD BOOK NUMBER
International Standard Book Number 006061112X :USD19.00
090 ## - LOCALLY ASSIGNED LC-TYPE CALL NUMBER (OCLC); LOCAL CALL NUMBER (OCLC)
Classification number (OCLC) (R) ; Classification number, CALL (RLIN) (NR) BV4211.2
Local cutter number (OCLC) ; Book number/undivided call number, CALL (RLIN) B78o
-- 1979
100 1# - MAIN ENTRY--PERSONAL NAME
Personal name Broadus, John Albert,
Dates associated with a name 1827-1895.
245 00 - TITLE STATEMENT
Title On the preparation and delivery of sermons /
Statement of responsibility, etc John A. Broadus.
250 ## - EDITION STATEMENT
Edition statement 4th ed. /
Remainder of edition statement rev. by Vernon L. Stanfield.
260 ## - PUBLICATION, DISTRIBUTION, ETC. (IMPRINT)
Place of publication, distribution, etc San Francisco :
Name of publisher, distributor, etc Harper & Row,
Date of publication, distribution, etc c1979.
300 ## - PHYSICAL DESCRIPTION
Extent xxv, 338 p. ;
Dimensions 22 cm.
500 ## - GENERAL NOTE
General note Published in 1898 under title: A treatise on the preparation and delivery of sermons.
504 ## - BIBLIOGRAPHY, ETC. NOTE
Bibliography, etc Includes bibliographies and index.
650 #4 - SUBJECT ADDED ENTRY--TOPICAL TERM
Topical term or geographic name as entry element Preaching.
951 ## - EQUIVALENCE OR CROSS-REFERENCE-GEOGRAPHIC NAME/AREA NAME [OBSOLETE] [CAN/MARC only]
General subdivision 00008119
700 1# - ADDED ENTRY--PERSONAL NAME
Personal name Stanfield, Vernon L.
951 ## - EQUIVALENCE OR CROSS-REFERENCE-GEOGRAPHIC NAME/AREA NAME [OBSOLETE] [CAN/MARC only]
-- 14223
-- BV4211.2/B78o/1979
-- 070613111613625
-- 2000-12-21
-- GC
Holdings
Withdrawn status Lost status Damaged status Not for loan Home library Current library Shelving location Date acquired Accession number Shelving control number Total Checkouts Full call number Barcode Date last seen Price effective from Koha item type
        BSOP Library BSOP Library GC 12/21/2000 14223 127   BV4211.2/B78o/1979 00008119 02/23/2013 02/23/2013 Books
BSOP

Biblical Seminary of the Philippines
  All rights Reserved
  © 2024

CONTACT INFORMATION

Biblical Seminary of the Philippines,
  77-B Karuhatan Road, Valenzuela City,
  PHILIPPINES 1441
  Phone: +632 8292-6795 / 8292-6798
  Fax : +632 8292-6675
  Email: library@bsop.edu.ph